Aprender a enseñar la Educación Física

Salvato in:
Dettagli Bibliografici
Autore principale: Siedentop, Daryl (Autore)
Natura: Libro
Lingua:spagnolo
Pubblicazione: Barcelona INDE 1998
Edizione:1a. ed
Serie:Colección La Educación Física en...Reforma
Soggetti:
Tags: Aggiungi Tag
Nessun Tag, puoi essere il primo ad aggiungerne!!

MARC

LEADER 00000nam a2200000 a 4500
001 UCI0695
003 CL-VaPUC
008 070525e19980000SP |||||||||||||||||spa|d
020 |a 8487330800 
082 0 4 |a 371.12  |b SIE  |2 21 
100 0 |a Siedentop, Daryl  |e author  |9 520875 
245 1 0 |a Aprender a enseñar la Educación Física 
250 |a 1a. ed 
300 |a 404 p 
942 |c BK 
945 |d 20070525 00:00:00  |a cmena 
260 |a Barcelona  |b INDE  |c 1998 
650 0 |a Formación profesional de profesores  |9 307493 
650 0 |a Educación física  |9 240893 
650 0 |a Rol del docente  |9 329733 
650 0 |a Métodos de enseñanza  |9 270413 
583 |a last modification  |c 20140404 06:24:47  |k Rodrigo Vera 
490 0 |a Colección La Educación Física en...Reforma 
999 |c 325755  |d 325753 
952 |0 0  |1 0  |4 0  |6 371_120000000000000_SIE_1998  |7 0  |8 A  |9 407050  |a BIBEDU  |b BIBEDU  |d 2019-11-22  |i 4343182  |o 371.12 SIE 1998  |p 4343182  |r 2019-11-22  |w 2019-11-22  |y BK  |k EFI 
952 |0 0  |1 0  |4 0  |6 371_120000000000000_SIE_1998  |7 0  |8 A  |9 407051  |a BIBEDU  |b BIBEDU  |d 2019-11-22  |i 4343190  |o 371.12 SIE 1998  |p 4343190  |r 2019-11-22  |w 2019-11-22  |y BK  |k EFI